| 000 | 00822nam a2200205 a 4500 | ||
|---|---|---|---|
| 003 | 0 | ||
| 005 | 20250524112938.0 | ||
| 008 | 021127s19uu xx 00 eng d | ||
| 050 |
_aPGS QH 439 _b.Ar659 2001 |
||
| 100 | _aAragon, Danielle C. | ||
| 245 |
_aAssessing the Southville International School grade 6 students understanding of the Deoxyribonucleic Acid (DNA) / _cDanielle C. Aragon. |
||
| 260 |
_aLas PiƱas City, Philippines : _bSouthville International School and Colleges, _c2001. |
||
| 300 |
_a53 pages : _billustrations ; _c28 cm. |
||
| 504 | _aIncludes bibliographical references. | ||
| 650 |
_aGenetics _vStudy and teaching (Elementary). |
||
| 650 |
_aDNA _vStudy and teaching. |
||
| 650 |
_aScience _vStudy and teaching _vElementary. |
||
| 650 |
_a Students _vKnowledge _vGenetics. |
||
| 942 |
_2lcc _cPASS |
||
| 999 |
_c96469 _d96469 |
||